Tallinna Linnavalitsuse määrused ja korraldused

Titel: Tallinna Linnavalitsuse määrused ja korraldused / Tallinna Linnavalitsuse väljaanne
Körperschaft:
Veröffentlicht: Tallinn : Õigusteabe AS Juura, 1996-
Erscheinungsverlauf: Nachgewiesen 1995(1996) -
Format: Zeitschrift, Zeitung
Sprache: Estnisch
Schlagworte:
Kein Bild verfügbar
X
Lokale Klassifikation: 47 12 B ; 47 8 R 501
alg: 5520898
001A    $06050:06-01-98 
001B    $06050:16-03-19 $t07:40:18.000 
001D    $06050:10-10-15 
001U    $0utf8 
001X    $00 
002@    $0Abvc 
002C    $aText $btxt $2rdacontent 
002D    $aohne Hilfsmittel zu benutzen $bn $2rdamedia 
002E    $aBand $bnc $2rdacarrier 
003@    $0055208983 
003O    $0183204724 $aOCoLC 
006Z    $01384968-2 
007A    $01384968-2 $aZDB 
010@    $aest 
011@    $a1996 $n1996- 
013D    $RPresse $RFortlaufendes Sammelwerk $#Periodicals $#Yearbooks $#Périodiques $#Annuaires $#Publicaciones periódicas $#journals $#Periodical $#Periodicals as Topic $#Zeitschrift $#Zeitschrift $#Periodikum $#Zeitschriften $74067488-5 $8Zeitschrift [Tsz] $9085189774 
018@    $0u 
021A    $aTallinna Linnavalitsuse määrused ja korraldused $hTallinna Linnavalitsuse väljaanne 
029A    $BVerfasser $RReval $#Tallinn $#Tallin $#Reval $#Reval Tallinn $4aut $75093293-7 $8Tallinn [Tg1] $9045056455 
031@    $aNachgewiesen 1995(1996) - 
031N    $6 $j1995 
033A    $pTallinn $nÕigusteabe AS Juura 
045U    $e340 

lok: 5520898 24
101B    $005-11-03 $t14:23:58.000 
101C    $005-11-03 
145Z/01 $a47 12 B 
145Z/02 $a47 8 R 501 
101U    $0utf8 

exp: 5520898 24 1 #EPN
201B/01 $005-11-03 $t15:28:25.000 
203@/01 $0117524832 
208@/01 $a16-11-98 $bp 
209A/01 $a47 XII BZ 13 $f050 $h47 12 BZ 13 $x00 
209E/01 $a1995(1996); 1997(1998); 1998(1999); 2000(2001) $x02 
220C/01 $aR. - O//05.11.03. - e 
231@/01 $0 $01997 $0 $01998 $0 $02000 $j1995 
247C/01 $8358050-7 Marburg, Bibliothek des Herder-Instituts Marburg $9102600961 
201U/01 $0utf8 

lok: 5520898 78

exp: 5520898 78 1 #EPN
201B/01 $019-04-17 $t14:25:57.000 
201U/01 $0utf8 
203@/01 $0791005194 
208@/01 $a12-11-16 $be 
209A/01 $a/ $f000 $x00 
220C/01 $aTitelaufnehmer: pk 
237A/01 $aweiterführende Signatur(en):  Marburg 47 XII BZ 13 
244Z/01 $2Trx $#Baltijos šalys $#kraje bałtyckie $#Baltikum $8--Trx--Baltische Länder $x01 $9391352903 
244Z/01 $2Trx $#Estija $#Igaunija $#Estland $#Estonia $#Estonia $#Estónsko $#Estonsko $8--Trx--Eesti $x02 $9391237225 
244Z/01 $2Trx $#valitsus, kohalik $#municipalinė valdyba $#local administration $#közigazgatás, helyi $#administracja terenowa $#správa komunálna $#správa komunální $#Gemeindeverwaltung $#Autonomie $#samorząd terytorialny $#samorząd komunalny $#správa obecná $#autonómia $#správa obecní $#autonomie $8--Trx--Verwaltung, kommunale $x03 $9391365355 
245Z/01 $a01.02 $x01 
247C/01 $82080>Marburg/Lahn, Herder-Institut, Forschungsbibliothek, Bibliographieportal $9336309341
LEADER 00000cas a2200000 c 4500
001 055208983
003 DE-603
005 20190316074018.0
007 tu
008 980106c19969999xx u| p| 0 |1est c
016 7 |2 DE-600  |a 1384968-2 
035 |a (DE-599)ZDB1384968-2 
035 |a (OCoLC)183204724 
040 |a DE-603  |b ger  |c DE-603  |d DE-603 
041 |a est 
084 |a 340  |q DE-600  |2 sdnb 
110 1 |a Tallinn  |e Verfasser  |4 aut  |0 (DE-603)045056455  |0 (DE-588)5093293-7  |2 gnd 
245 0 0 |a Tallinna Linnavalitsuse määrused ja korraldused  |c Tallinna Linnavalitsuse väljaanne 
264 3 1 |a Tallinn  |b Õigusteabe AS Juura  |c 1996- 
336 |a Text  |b txt  |2 rdacontent 
337 |a ohne Hilfsmittel zu benutzen  |b n  |2 rdamedia 
338 |a Band  |b nc  |2 rdacarrier 
362 0 |a Nachgewiesen 1995(1996) - 
363 0 1 |8 1.1\x  |i 1995 
655 7 |a Zeitschrift  |2 gnd-content  |0 (DE-588)4067488-5  |0 (DE-603)085189774 
924 0 |9 Mb 50  |a (DE-603)117524832  |b DE-Mb50  |c HES  |d c  |g 47 XII BZ 13  |q 1995  |w ;  |q 1997  |w ;  |q 1998  |w ;  |q 2000  |z 1995(1996); 1997(1998); 1998(1999); 2000(2001) 
924 0 |9 2080  |a (DE-603)791005194  |b DE-2080  |c HES  |d d  |g /